PDC World Darts Championship Winners - Statistics

General Stats
  • This quiz has been taken 17 times
  • The average score is 30 of 33
Answer Stats
Year Country Winner % Correct
2026 England Luke Littler
100%
2025 England Luke Littler
100%
2013 England Phil Taylor
100%
2010 England Phil Taylor
100%
2009 England Phil Taylor
100%
2006 England Phil Taylor
100%
2005 England Phil Taylor
100%
2004 England Phil Taylor
100%
2002 England Phil Taylor
100%
2001 England Phil Taylor
100%
2000 England Phil Taylor
100%
1999 England Phil Taylor
100%
1998 England Phil Taylor
100%
1997 England Phil Taylor
100%
1996 England Phil Taylor
100%
1995 England Phil Taylor
100%
2021 Wales Gerwyn Price
94%
2019 Netherlands Michael van Gerwen
94%
2017 Netherlands Michael van Gerwen
94%
2014 Netherlands Michael van Gerwen
94%
2024 England Luke Humphries
88%
2007 Netherlands Raymond van Barneveld
88%
2016 Scotland Gary Anderson
82%
2015 Scotland Gary Anderson
82%
2023 England Michael Smith
82%
2018 England Rob Cross
82%
2012 England Adrian Lewis
76%
2011 England Adrian Lewis
76%
2008 Canada John Part
76%
2003 Canada John Part
76%
2022 Scotland Peter Wright
76%
2020 Scotland Peter Wright
76%
1994 England Dennis Priestley
59%
No matching quizzes found
Score Distribution
Percent of People with Each Score
Percentile by Number Answered
Your Score History
You have not taken this quiz